|
|
|
|
| LEADER |
00547cam a2200169 a 4500 |
| 020 |
|
|
|a 9788125035114
|
| 082 |
0 |
4 |
|a 306
|b HAL/N
|
| 245 |
0 |
0 |
|a New cultural studies :
|b adventures in theory /
|
| 260 |
|
|
|a Hyderabad :
|b orient Blackswan,
|c c2009.
|
| 300 |
|
|
|a vi, 324 p. ;
|
| 650 |
|
0 |
|a Culture
|
| 650 |
|
0 |
|a Culture.
|
| 700 |
1 |
|
|a Birchall, Clare.
|
| 700 |
1 |
|
|a Hall, Gary,
|
| 942 |
|
|
|c BK
|
| 999 |
|
|
|c 148449
|d 148445
|
| 952 |
|
|
|0 0
|1 0
|4 0
|6 306_000000000000000_HAL_N
|7 0
|9 147220
|a IUCSSER
|b IUCSSER
|c GEN
|d 2012-12-12
|g 425.00
|l 0
|o 306 HAL/N
|p IUC00155
|r 2012-12-12
|w 2012-12-12
|y BK
|